Journal of Research in Social Sciences/ (Record no. 207236)

MARC details
000 -LEADER
fixed length control field 00627nam a22002057a 4500
005 - DATE AND TIME OF LATEST TRANSACTION
control field 20241129142421.0
010 ## - LCCN (DPL NO)
LC control number ENG-142740
020 ## - INTERNATIONAL STANDARD BOOK NUMBER
Terms of availability 399.00
International Standard Book Number 9788183333924
035 ## - SYSTEM CONTROL NUMBER
System control number EN-126272
037 ## - SOURCE OF ACQUISITION
Source of stock number/acquisition DBAD
082 ## - DEWEY DECIMAL CLASSIFICATION NUMBER
Classification number 006.336
Edition number 1
100 ## - MAIN ENTRY--PERSONAL NAME
Personal name Akhter, Shameem
245 ## - TITLE STATEMENT
Title Journal of Research in Social Sciences/
Statement of responsibility, etc by Shameem Akhter [and] Jason Roberts
250 ## - EDITION STATEMENT
Edition statement 1
260 ## - PUBLICATION, DISTRIBUTION, ETC. (IMPRINT)
Place of publication, distribution, etc New Delhi
Name of publisher, distributor, etc BPB Publications
Date of publication, distribution, etc 2010
270 ## - ADDRESS
Address B-14, Connaught Place
City New Delhi
Postal code 110001
300 ## - PHYSICAL DESCRIPTION
Extent xv,336p.
Dimensions 24cm(pb)
700 ## - ADDED ENTRY--PERSONAL NAME
Personal name Roberts, Jason
Relator term Author
9 (RLIN) 74393
942 ## - ADDED ENTRY ELEMENTS (KOHA)
Source of classification or shelving scheme Dewey Decimal Classification
Item type English Books
Classification part 006.336
Call number suffix AKH
Holdings
Withdrawn status Lost status Not for loan Collection code Home library Current library Date acquired Source of acquisition Cost, normal purchase price Full call number Barcode Copy number Cost, replacement price Koha item type
      Non-fiction D.B.Act.Division D.B.Act.Division 29/11/2024 Delivery of Books Act Division 399.00 006.336 AKH EN-126272 1 399.00 English Books

© Delhi Public Library
Hit Counter
free hit counter